SCH - A7 - Statistiques

Statistiques générales
  • Ce quiz a été pris 41 fois
  • Le résultat moyen est 9 sur 14
Statistiques - réponses
Numéro Titre % Correct
2 A7
91%
1 John Lennon
85%
14 Fusil
82%
12 Champs-Elysées
76%
7 Gomorra
74%
9 Liquide
74%
11 Drogue prohibée
71%
3 Solides
65%
6 Genny & Ciiro
62%
10 Pas de manières
59%
4 Gedeon
56%
13 J'reviens de loin
56%
5 Rêves de gosse
56%
8 Mauvaises idées
41%
Aucun quiz correspondant
Distribution des résultats
% des personnes avec chaque résultat
Percentile par nombre de réponses
Votre historique - résultats
Vous n’avez pas pris ce quiz